| 000 | 00507nam a2200157Ia 4500 | ||
|---|---|---|---|
| 008 | 240729s9999 xx 000 0 und d | ||
| 245 | 0 | _aOvidius University Annals, Series Physical Education and Sport/Science, Movement and Health | |
| 260 | _aRomania | ||
| 260 | _bOvidius University Press | ||
| 650 | _a Recreation. Leisure | ||
| 650 | _a Sports | ||
| 650 | _aGeography. Anthropology. Recreation | ||
| 856 | _uhttps://doaj.org/toc/c6509744efcf4ac1ac8c0d6c6e30c4d3 | ||
| 942 | _2ddc | ||
| 942 | _cDOAJEJ | ||
| 999 |
_c68789 _d68789 |
||
| 945 |
_a1 _bMadushi Gamage _c1 _dMadushi Gamage |
||